Cultural Memory as a Basis of the Social Wellbeing; The European Proceedings of Social & Behavioural Sciences (EpSBS); Vol. 19 : Lifelong Wellbeing in the World (WELLSO 2016)

書誌詳細
Parent link:The European Proceedings of Social & Behavioural Sciences (EpSBS)
Vol. 19 : Lifelong Wellbeing in the World (WELLSO 2016).— 2017.— [P. 683-687]
第一著者: Chicherina N. V. Natality Viktorovna
団体著者: Национальный исследовательский Томский политехнический университет (ТПУ) Институт неразрушающего контроля (ИНК) Кафедра физических методов и приборов контроля качества (ФМПК)
その他の著者: Tolkacheva V. A. Valentina
要約:Title screen
In the article the author considers cultural memory as a basis of the social wellbeing. Two concepts "cultural memory" and "social wellbeing", features of their interrelation, and also influence of the person on the cultural memory formation are investigated. Modern conditions offer modern solutions. We should remember on the one hand to be proud and to have wish for further development, on the other hand to draw some conclusions also for further development. In this case we could actively use the Internet possibilities and other modern technologies. By means of modern technology we have a big range of opportunities to help people not only in the financial sphere but also in the cultural one. It can give the chance to people not to feel alone in this world. So it means they can feel comfortable within their country, within the instability world. It is the aim of the most wellbeing programs.
言語:英語
出版事項: 2017
主題:
オンライン・アクセス:http://dx.doi.org/10.15405/epsbs.2017.01.90
http://earchive.tpu.ru/handle/11683/37310
フォーマット: 電子媒体 図書の章
KOHA link:https://koha.lib.tpu.ru/cgi-bin/koha/opac-detail.pl?biblionumber=653454

MARC

LEADER 00000nla2a2200000 4500
001 653454
005 20231101134754.0
035 |a (RuTPU)RU\TPU\network\18895 
035 |a RU\TPU\network\18894 
090 |a 653454 
100 |a 20170303a2017 k y0engy50 ba 
101 0 |a eng 
105 |a y z 100zy 
135 |a drgn ---uucaa 
181 0 |a i  
182 0 |a b 
200 1 |a Cultural Memory as a Basis of the Social Wellbeing  |f N. V. Chicherina, V. A. Tolkacheva 
203 |a Text  |c electronic 
300 |a Title screen 
320 |a [References: p. 687 (8 tit.)] 
330 |a In the article the author considers cultural memory as a basis of the social wellbeing. Two concepts "cultural memory" and "social wellbeing", features of their interrelation, and also influence of the person on the cultural memory formation are investigated. Modern conditions offer modern solutions. We should remember on the one hand to be proud and to have wish for further development, on the other hand to draw some conclusions also for further development. In this case we could actively use the Internet possibilities and other modern technologies. By means of modern technology we have a big range of opportunities to help people not only in the financial sphere but also in the cultural one. It can give the chance to people not to feel alone in this world. So it means they can feel comfortable within their country, within the instability world. It is the aim of the most wellbeing programs. 
461 0 |0 (RuTPU)RU\TPU\network\11959  |t The European Proceedings of Social & Behavioural Sciences (EpSBS) 
463 0 |0 (RuTPU)RU\TPU\network\18772  |t Vol. 19 : Lifelong Wellbeing in the World (WELLSO 2016)  |o III International Scientific Symposium, 11-16 September 2016, Tomsk, Russian Federation  |o [proceedings]  |f National Research Tomsk Polytechnic University (TPU) ; eds. F. Casati ; G. A. Barysheva  |v [P. 683-687]  |d 2017 
610 1 |a электронный ресурс 
610 1 |a труды учёных ТПУ 
610 1 |a cultural memory 
610 1 |a social wellbeing 
610 1 |a relations 
610 1 |a культурная память 
610 1 |a социальное благополучие 
700 1 |a Chicherina  |b N. V.  |c Linguist  |c Associate Professor of Tomsk Polytechnic University, Candidate of pedagogical sciences  |f 1963-  |g Natality Viktorovna  |2 stltpush  |3 (RuTPU)RU\TPU\pers\38024 
701 1 |a Tolkacheva  |b V. A.  |g Valentina 
712 0 2 |a Национальный исследовательский Томский политехнический университет (ТПУ)  |b Институт неразрушающего контроля (ИНК)  |b Кафедра физических методов и приборов контроля качества (ФМПК)  |h 68  |2 stltpush  |3 (RuTPU)RU\TPU\col\18709 
801 2 |a RU  |b 63413507  |c 20180220  |g RCR 
856 4 |u http://dx.doi.org/10.15405/epsbs.2017.01.90 
856 4 |u http://earchive.tpu.ru/handle/11683/37310 
942 |c CF